000 00735nam a2200289Ia 4500
005 20260324112751.0
008 008 260324s9999 xx 000 0 eng d
020 _a9781032649054
037 _aEBOOK
040 _aCRL
040 _beng
040 _cCRL
041 _2eng
041 _aeng
084 _qCRL
100 _aPhilippe Gilles
_91144057
245 4 _aThe Founding Texts of Economics
245 0 _bReading Smith’s Wealth of Nations, Marx’s Capital and Keynes’s General Theory
260 _bTaylor and Francis
260 _c2024
365 _a
365 _b230
856 _uhttp://www.taylorfrancis.com/books/9781032649054
942 _cEBOOK
999 _c1733396
_d1733396